00702nam a2200181 a 4500008004100000020001800041050001600059100002400075245006100099250001200160260004200172300002000214350001000234650002600244995010100270999001700371952013200388160421s2009 ||||||||||||||||| || u a9780470399118 aNA 2700 Chi aChing, Francis D. K10aArchitectural graphics. (5th ed.)cby Francis D.K. Ching a5th ed. aNew JerseybJohn Wiley and Sonsc2009 avi, 250p.: ill. a49.95 0aARCHITECTURAL DRAWING FCBU-MAIN LIBRARY (Kitwe)I49.95M1UAVAILABLEWMay 26, 2016ZMain Library Open Access Collection c34747d34747 00102lcc4070a001b001cMain Library Open Access Collectiond2022-11-30l0oNA 2700 Chip746099r2022-11-30w2022-11-30y002